| 000 | 00713nam a2200241 a 4500 | ||
|---|---|---|---|
| 008 | |||
| 020 | _a0073309303 (pbk.) | ||
| 049 | _aMAIN | ||
| 090 |
_aQA154.2 _bBAR |
||
| 100 | 1 | _aBaratto, Stefan. | |
| 245 | 1 | 0 |
_aIntermediate algebra / _cStefan Baratto, Kelly Kaiser Kohlmetz and Barry Bergman |
| 260 |
_aNew York : _bMcGraw-Hill, _cc2008. |
||
| 300 |
_axxv, 1056 [28] p. : _bill (some col). ; _c28 cm. |
||
| 500 | _aIncludes index. | ||
| 650 | 0 | _aAlgebra. | |
| 700 | _aKohlmetz, Kelly Kaiser. | ||
| 700 | _aBergman, Barry. | ||
| 907 |
_a.b10288454 _b07-02-12 _c07-12-10 |
||
| 003 | |||
| 005 | 20230123125119.0 | ||
| 040 | _cNUST | ||
| 942 |
_cBOOKS _kQA154.2 _mBAR |
||
| 999 |
_c135969 _d135969 |
||